000 00420 a2200157 4500
001 168709
020 _a
040 _cMagnum
100 _aLima, Maria Emilia Caixeta de Castro
240 1 0 _aAprender ciencias: um mundo de materiais - livro do professor
_lpor
245 1 0 _aAprender ciencias: um mundo de materiais - livro do professor
362 0 _a1899
440 1 _aUfmg
697 _aSEM ASSUNTO
942 _cBK
999 _c168709
_d168709